| 000 | 00576cab a2200217 4500 | ||
|---|---|---|---|
| 001 | T0019838 | ||
| 008 | 090401t1991 xxu||||| |||| 00| 0 eng d | ||
| 035 | _a(Sirsi) u50860 | ||
| 041 | _aeng | ||
| 245 | _aHome with a heart of oak | ||
| 260 | _c1991 | ||
| 350 | _a0 | ||
| 490 |
_aDaily Telegraph _v24/8/91 pX |
||
| 520 | _aTimber frame buildings , barns and cruck houses , are experiencing a revival. | ||
| 650 | _aBARN CONVERSION | ||
| 650 | _aDESIGN | ||
| 650 | _aHOUSING | ||
| 690 | _aBUILT ENVIRONMENT-CONSTRUCTION DESIGN | ||
| 942 | _n0 | ||
| 948 | _c04/03/1997 | ||
| 999 |
_c31745 _d31745 |
||